000 nam a22 7a 4500
999 _c15479
_d15479
008 161101b xxu||||| |||| 00| 0 eng d
020 _a9780071598651
050 _aRC 465 .C285 2009
100 _aedited by Toy, Eugene C.
245 _aCase Files:
_bpsychiatry/
_cedited by Eugene C. Toy and Debra Klamen
250 _a3rd ed.
260 _aNew York:
_bMcGraw-Hill,
_c2009
300 _axvi, 493p. :
500 _aIncludes bibliographical references and index.
650 _aPsychiatry.
_xCase studies.
700 _aedited by Klamen, Debra
942 _2lcc
_cBOOKS
_hRC 465 .C285 2009